Malayalam Text Intermediate Examination Arts Intro Selections in Malayalam (Record no. 5064)

MARC details
000 -LEADER
fixed length control field 00488nam a2200145Ia 4500
008 - FIXED-LENGTH DATA ELEMENTS--GENERAL INFORMATION
fixed length control field 211109s9999||||xx |||||||||||||| ||und||
082 ## - DEWEY DECIMAL CLASSIFICATION NUMBER
Classification number 894.8121
Item number UNI-M
100 ## - MAIN ENTRY--PERSONAL NAME
Personal name University Of Madras,
245 #0 - TITLE STATEMENT
Title Malayalam Text Intermediate Examination Arts Intro Selections in Malayalam
260 ## - PUBLICATION, DISTRIBUTION, ETC.
Name of publisher, distributor, etc. NATIONAL BOOKSTALL
Place of publication, distribution, etc. Kottayam
Date of publication, distribution, etc. 1916
300 ## - PHYSICAL DESCRIPTION
Extent 216p.
630 ## - SUBJECT ADDED ENTRY--UNIFORM TITLE
General subdivision General Stack
650 ## - SUBJECT ADDED ENTRY--TOPICAL TERM
Topical term or geographic name entry element Literatures of other languages
942 ## - ADDED ENTRY ELEMENTS (KOHA)
Koha item type BOOK
650 ## - SUBJECT ADDED ENTRY--TOPICAL TERM
Form subdivision Malayalam LiteratureMalayalam Poetry
General subdivision Malayalam
Holdings
Withdrawn status Lost status Damaged status Not for loan Home library Current library Date acquired Cost, normal purchase price Total Checkouts Full call number Barcode Shelving location Date last seen Price effective from Koha item type
        SB LIBRARY SB LIBRARY 09/11/2021 100.00   894.8121 UNI-M 00005520 GENERAL STACK 09/11/2021 09/11/2021 BOOK

Powered by Koha